00373nam a2200157Ia 4500001000400000003000900004005001700013008004100030040001300071082001300084245004300097260004100140300001100181546000700192650001600199399PK-LaUMT20260514120948.0140311s9999 xx 000 0 und d cPK-LaUMT a220bHOL aHoly Bible : New international version aUSA:bAmerican Bible Society,c1978. a946 p. aEN aBible, Holy